000 00510nam a2200181Ia 4500
008 090124s9999 xx 000 0 und d
082 _b120613
100 _aमडकईकर भालचंद्र
245 _a वटवृक्ष
250 _a1
260 _c1984
300 _a224
600 _aमडकईकर भालचंद्र
630 _a वटवृक्ष
700 _aमडकईकर भालचंद्र
730 _a वटवृक्ष
942 _cBOOK
999 _c166699
_d166699